The Bombay Grasses (Record no. 593369)

MARC details
000 -LEADER
fixed length control field 00370nam a2200133 a 4500
008 - FIXED-LENGTH DATA ELEMENTS--GENERAL INFORMATION
fixed length control field 251024s2025##################000#0#eng##
082 04 - DEWEY DECIMAL CLASSIFICATION NUMBER
Classification number 584.909547
Item number BLA
100 ## - MAIN ENTRY--AUTHOR NAME
Personal name Blatter, E
245 10 - TITLE STATEMENT
Title The Bombay Grasses
Statement of responsibility, etc Blatter, E. & McCann, C.
260 ## - PUBLICATION, DISTRIBUTION, ETC. (IMPRINT)
Place of publication Dehradun
Name of publisher Bishen Singh Mahendra Pal Singh
Year of publication 1984
650 ## - SUBJECT ADDED ENTRY--TOPICAL TERM
Topical Term Botany
942 ## - ADDED ENTRY ELEMENTS (KOHA)
Koha item type English Books
Holdings
Withdrawn status Lost status Damaged status Not for loan Home library Current library Shelving location Date acquired Full call number Accession Number Price effective from Koha item type
        Anna Centenary Library Anna Centenary Library 5TH FLOOR, B WING 24.10.2025 584.909547 BLA 173134 24.10.2025 English Books

Find us on the map